Escritos históricos y políticos / Simone Weil ; Agustín López, María Tabuyo, Traductores (Registro nro. 43391)
[ vista simple ]
| 000 -LÍDER | |
|---|---|
| Campo fijo de descripción fija | 009740000a22001570004500 |
| 001 - NÚMERO DE CONTROL | |
| Campo de control | 14533 |
| 020 ## - NÚMERO INTERNACIONAL NORMALIZADO PARA LIBROS | |
| Número Internacional Normalizado del libro | 978-84-8164-895-9 |
| 041 0# - CÓDIGO DE IDIOMA | |
| Código de idioma para texto/pista de sonido o título separado | |
| 082 04 - NÚMERO DE CLASIFICACIÓN DECIMAL DEWEY | |
| Número de clasificación | G 940.52 W4221 e |
| 100 1# - ASIENTO PRINCIPAL--NOMBRE PERSONAL | |
| Nombre personal | Weil, Simone (1909-1943) |
| 245 10 - TÍTULO | |
| Título del Material | Escritos históricos y políticos / Simone Weil ; Agustín López, María Tabuyo, Traductores |
| 260 ## - PUBLICACIÓN, DISTRIBUCIÓN, ETC. (PIE DE IMPRENTA) | |
| Lugar de publicación, distribución, etc. | Madrid : Trotta |
| 300 ## - DESCRIPCIÓN FÍSICA | |
| Extensión | 539 Pág. |
| 505 00 - NOTA DE CONTENIDO | |
| Nota de contenido con formato preestablecido | A. LA VIDA OBRERA Y EL MOVIMIENTO SINDICAL. LA ORGANIZACIÓN SOCIAL, EL MARXISMO Y LAS PERSPECTIVAS DE LA REVOLUCION B. ESCRITOS SOBRE HISTORIA Y CRÍTICA CULTURAL: - Un levantamiento proletario en Florencia en el siglo XIV - Algunas reflexiones sobre los orígenes del hitlerismo (1939) - Reflexiones sobre la barbarie – Antígona - Electra - La Iliada o el poema de la fuerza C. SOBRE LA SITUACIÓN POLÍTICA DEL MUNDO CONTEMPORÁNEO: - Relaciones Internacionales, la guerra y la paz - En entorno a la Alemania Nazi - El problema colonial - La guerra de España |
| 942 ## - TIPO DE MATERIAL (KOHA) | |
| Tipo de Item KOHA | Libros General |
| Estado de Material | Estado de Perdido | Estado de Dañado | No para Préstamo | Colección | Tomo | Biblioteca de Origen | Biblioteca Permanente | Fecha de Adquisición | Total de Préstamos | Signatura Topográfica | Código de Barras | Última vez visto | Ejemplar/Existencia | Fecha de Remplazo | Tipo de Material |
|---|---|---|---|---|---|---|---|---|---|---|---|---|---|---|---|
| Colección General | Biblioteca FUSBC | Biblioteca FUSBC | 06/09/2007 | G 940.52 W4221 e | 16629 | 12/12/2019 | 1 | 26/01/2016 | Libros General |
